000 00567cam a22001934a 4500
005 20250605164256.0
008 250528s ||||||||||||||||||||||||d
035 _a21936
040 _aGR-AtMCL
_bgre
_dGR-AtMCL
_eAACR2
245 1 _aREWARD UPPER-INTERMEDIATE (SET OF 4)
250 _a1
260 _bHeinemann,
_c1996
505 0 _aINCLUDES: STUDENT'S BOOK, TEACHER'S BOOK, COMPANION, PRACTICE
520 _aINCLUDES: STUDENT'S BOOK, TEACHER'S BOOK, COMPANION, PRACTICE
700 1 _aGreenall Simon
_97814
942 _cBK
999 _c6993
_d6993